000
00321nam a22001457a 4500
003
SGT
020
_a
9789350351499
082
_a
346.540135,KHA
100
_a
KHAN,NUZHAT PARVEEN
245
_a
CHILD RIGHTS AND THE LAW
260
_a
NEW DELHI
_b
UNIVERSAL
300
_a
546
650
_a
PRIVATE LAW
942
_2
ddc
_c
BK
_0
2
999
_c
10148
_d
10148